000 00256nam a22001217a 4500
008 171127b xxu||||| |||| 00| 0 eng d
041 _aeng
080 _a070
100 _a30
101 _aEDU
245 _aCOVER.LETTER MAGIC
_cFRITZ.A
942 _2udc
_cBK
999 _c38554
_d38554